|
|
|
|
| LEADER |
00000nam a2200000 a 4500 |
| 001 |
vtls001319447 |
| 003 |
SK-MaSNL |
| 005 |
20260302070332.0 |
| 008 |
240316s1985 xr 0 cze |
| 035 |
|
|
|a SNK000272041
|
| 040 |
|
|
|a SNK
|b slo
|c SNK
|e AACR2
|
| 044 |
|
|
|a xr
|c CZ
|
| 100 |
1 |
|
|a Binder, Róbert,
|d 1922-
|4 aut
|9 211262
|
| 245 |
1 |
|
|a Základy automatického řízení pro střední odborná učiliště
|c Robert Binder ; ze sloven. orig. přel. Milan Veselý
|
| 260 |
|
|
|a Praha
|b Státní nakladatelství technické literatury
|c 1985
|
| 300 |
|
|
|a 144 s.
|c 8°
|
| 700 |
1 |
|
|a Veselý, Milan,
|d 1939-2015
|4 trl
|9 105300
|
| 958 |
|
|
|a OND
|
| 999 |
|
|
|c 1146721
|d 1148651
|
| 952 |
|
|
|a SNK
|b SNK
|y PREZ
|7 0
|p 17A0918629
|o snkSC 64445
|0 0
|1 0
|4 0
|d 2012-08-07
|l 0
|r 2025-07-02 00:00:00
|w 2026-02-24
|
| 952 |
|
|
|t P60, <03>, [BOOK], {603}
|a SNK
|b SNK
|y PREZ
|7 0
|o snkSC 64445
|i snkKIP 10121/85
|0 0
|1 0
|4 0
|d 1998-02-05
|l 0
|r 2005-01-02 00:00:00
|w 2026-02-24
|
| 952 |
|
|
|t P60, <04>, [BOOK], {604}
|a SNK
|b SNK
|y VYP
|7 0
|o snkSC 64445 D1
|i snkKIP 10122/85
|0 0
|1 0
|4 0
|d 1998-02-05
|l 0
|r 2005-01-02 00:00:00
|w 2026-02-24
|